<?xml version="1.0" encoding="UTF-8"?>
<collection xmlns="http://www.loc.gov/MARC21/slim">
<record>
  <controlfield tag="001">7369</controlfield>
  <controlfield tag="005">20250117200815.0</controlfield>
  <datafield tag="037" ind1=" " ind2=" ">
    <subfield code="a">SEMIN-2025-0017</subfield>
  </datafield>
  <datafield tag="100" ind1=" " ind2=" ">
    <subfield code="a">De Cat, Peter</subfield>
  </datafield>
  <datafield tag="245" ind1=" " ind2=" ">
    <subfield code="a">The scientific connection between China, Belgium, and India: possibilities for the future?</subfield>
  </datafield>
  <datafield tag="260" ind1=" " ind2=" ">
    <subfield code="c">2024</subfield>
  </datafield>
  <datafield tag="269" ind1=" " ind2=" ">
    <subfield code="c">2024-06-04</subfield>
  </datafield>
  <datafield tag="520" ind1=" " ind2=" ">
    <subfield code="a">As a little boy, I was already fascinated by the magnificent light show of the twinkling stars in the night sky. My scientific career started almost 30 years ago when, as a physics student at KU Leuven (Belgium), I prepared my master's thesis under the supervision of Conny Aerts. Thanks to her enthusiasm, I started to look into asteroseismology, where the stars reveal the secrets of their hidden interior through the way they vibrate. In this presentation I would like to demonstrate how my interest in stellar pulsations has led to the two projects that I consider my greatest scientific achievements to date, namely the close collaboration with colleagues from both China (via the LAMOST-Kepler project) and India (via the BINA project). The strength of these projects will be demonstrated by some scientific results in different domains. Recently, a new network has emerged involving some of my close collaborators from China and India. Hence the open question: are there opportunities to further the strengthen scientific ties between China, Belgium and India in the future?</subfield>
  </datafield>
  <datafield tag="594" ind1=" " ind2=" ">
    <subfield code="a">NO</subfield>
  </datafield>
  <datafield tag="773" ind1=" " ind2=" ">
    <subfield code="t">National Astronomical Observatories, Chinese Academy of Sciences, Beijing, China</subfield>
  </datafield>
  <datafield tag="856" ind1="0" ind2=" ">
    <subfield code="f">peter.decat@ksb-orb.be</subfield>
  </datafield>
  <datafield tag="856" ind1="4" ind2=" ">
    <subfield code="s">114416759</subfield>
    <subfield code="u">http://publi2-as.oma.be/record/7369/files/24lamost_Talk_NAOC_website.pdf</subfield>
  </datafield>
  <datafield tag="856" ind1="4" ind2=" ">
    <subfield code="s">10948</subfield>
    <subfield code="u">http://publi2-as.oma.be/record/7369/files/24lamost_Talk_NAOC_website.jpg?subformat=icon-180</subfield>
    <subfield code="x">icon-180</subfield>
  </datafield>
  <datafield tag="856" ind1="4" ind2=" ">
    <subfield code="s">8573</subfield>
    <subfield code="u">http://publi2-as.oma.be/record/7369/files/24lamost_Talk_NAOC_website.gif?subformat=icon</subfield>
    <subfield code="x">icon</subfield>
  </datafield>
  <datafield tag="980" ind1=" " ind2=" ">
    <subfield code="a">SEMIN</subfield>
  </datafield>
</record>
</collection>